Statistiques concernant Villes ayant accueillis les Jeux Olympiques d'Hiver

Cliquez ici pour prendre le quiz!

Statistiques générales

  • Ce quiz a été pris 70 fois
  • Le résultat moyen est 9 sur 26

Statistiques - réponses

DatesVilles% Correct
2006Turin
69%
2010Vancouver
69%
1992Albertville
66%
2014Sotchi
64%
2002Salt Lake City
63%
1994Lillehammer
59%
1924Chamonix
58%
1998Nagano
58%
1988Calgary
51%
1984Sarajevo
46%
1968Grenoble
44%
2022Pékin
42%
1928Saint-Moritz
36%
1932Lake Placid
25%
1980Lake Placid
24%
1952Oslo
24%
1972Sapporo
24%
1936Garmisch-Partenkirchen
22%
2018Pyeongchang
20%
1948Saint Moritz
17%
1960Squaw Valley
7%
1940Sapporo
2%
1956Corina d'Ampezzo
0%
1944Corina d'Ampezzo
0%
1964Insbrukk
0%
1976Insbrukk
0%

Distribution des résultats

Percentile par nombre de réponses

% des personnes avec chaque résultat

Votre développement - résultats

Vous n’avez pas pris ce quiz